Nuevo puente entre Manresa y Pont de Vilomara
Publicado:
San Jorge, núm. 85 (1r trimestre 1972), pàg 67 :
MARC
| LEADER | 00000nam a2200000Ia 4500 | ||
|---|---|---|---|
| 001 | |||
| 008 | 160829s9999 xx 000 0 cat d | ||
| 245 | |a Nuevo puente entre Manresa y Pont de Vilomara | ||
| 260 | |a San Jorge, núm. 85 (1r trimestre 1972), pàg 67 | ||
| 650 | |a Ponts |x Manresa |9 45485 | ||
| 651 | 0 | |a Pont de Vilomara i Rocafort, El |9 50787 | |
| 901 | |a Arxiu | ||
| 942 | |n 1 | ||
| 952 | |0 0 |1 0 |4 0 |7 1 |9 52632 |a Arxiu |b Arxiu |d 2016-12-01 |l 0 |r 2016-12-01 00:00:00 |w 2016-12-01 |y ARXIU | ||
| 999 | |c 56481 |d 56481 | ||